Suomen jalkapallomaajoukkueen päävalmentajat - Statistics

Yleistilastot
  • Tätä visaa on pelattu 123 kertaa
  • Keskiarvotulos 9 / 29
Vastaustilastot
Vuosina Päävalmentaja Kansallisuus % Oikein
2011 Markku Kanerva Suomi
94%
2015 Markku Kanerva Suomi
94%
2017- Markku Kanerva Suomi
94%
2011-2015 Mixu Paatelainen Suomi
88%
2006-2007 Roy Hodgson Englanti
78%
2000-2005 Antti Muurinen Suomi
67%
2008-2010 Stuart Baxter Skotlanti
61%
2016 Hans Backe Ruotsi
59%
1982-1987 Martti Kuusela Suomi
45%
1996-1999 Richard Møller Nielsen Tanska
35%
2010 Olli Huttunen Suomi
32%
1975-1978 Aulis Rytkönen Suomi
24%
1986-1987 Jukka Vakkila* Suomi
22%
1988-1992 Jukka Vakkila Suomi
22%
2005 Jyrki Heliskoski Suomi
18%
1994-1996 Jukka Ikäläinen Suomi
15%
1993-1994 Tommy Lindholm Suomi
15%
1979-1981 Esko Malm Suomi
10%
1962-1974 Olavi Laaksonen Suomi
7%
1947-1955 Aatos Lehtonen Suomi
6%
1959-1961 Aatos Lehtonen Suomi
6%
1955-1958 Kurt Weinreich Länsi-Saksa
6%
1936-1937 Ferdinand Fabra Saksa
5%
1945 Axel Mårtensson Ruotsi
4%
1922 Jarl Öhman Suomi
3%
1946 Niilo Tammisalo Suomi
3%
1939 Gábor Obitz Unkari
2%
1979 Jiří Pešek* Tšekkoslovakia
2%
1975 Martti Kuosma Suomi
2%
Ehtoja vastaavia visoja ei löytynyt
Tulosjakauma
Jokaisen tuloksen saaneiden osuus
Persentiili vastausten määrän mukaan
Tuloshistoriasi
Et ole pelannut tätä visaa